01409nam a22003615a 450000100060000000300100000600500170001600700030003300800410003602000180007704000330009504100080012808200230013608400120015910000340017124501040020525000180030926400680032730000540039533600300044933700360047933800310051549000430054665000410058965000670063065000660069765000700076370000470083394200120088094900090089299900170090195201290091860669CO-BoRNBP20260313145125.0ta220621s2019 ck a gr 000 f spa d a9789584282743 aCO-BoBLAbspacCO-BoBLAerda0 aspa04a741.5bM35i221 ed aNG MEN11 aMendoza, Mario,d1964-96510110aImágenes premonitorias :El último día sobre la tierra, volumen 1/cMario Mendoza, Keco Olano. a1a. edición 4aBogotá :bPlaneta ComicbEditorial Planeta Colombiana,c2019. a[41] páginas :bilustraciones a color ;c27 cm. atextobtxt [2rdacontent] asin mediaciónbn [2rdamedia] avolumenbnc [2rdacarrier]1 aEl último día sobre la tierra ;v1 7aNarrativa gráfica.2BLAAUTO965102 7aIngenierosxTiras cómicas, historietas, etc.2BLAAUTO969419 7aDesastresxTiras cómicas, historietas, etc.2BLAAUTO969420 7aFin del mundovTiras cómicas, historietas, etc.2BLAAUTO9694211 aOlano, Keco,d1971-eilustración.965106 2ddccBK acbn c60669d60669 00102lcc40708012aMESJUANIbMESJUANIcLITd2026-03-13l0oN MEN1pSJU02952r2026-03-13 14:43:32tEj.1w2026-03-13yBKLIT